Mario Kart 8 deluxe Charaktere - Statistiken

Allgemein
  • Dieses Quiz wurde 1.228 mal gespielt
    380 seit der letzten Aktualisierung
  • Das Durchschnittsergebnis liegt bei 33 aus 51
Antwortstatistiken
Antwort Gewichtsklasse % Korrekt
Mario Mittel
99%
Peach Mittel
99%
Luigi Mittel
98%
Bowser Schwer
97%
Daisy Mittel
92%
Yoshi Mittel
91%
Waluigi Schwer
88%
Wario Schwer
88%
Baby Mario Leicht
86%
Donkey Kong Schwer
84%
Baby Luigi Leicht
83%
Rosalina Schwer
82%
Toad Leicht
82%
Baby Peach Leicht
81%
Koopa Leicht
80%
Bowser Jr. Mittel
78%
Baby Daisy Leicht
77%
Mii abhängig vom Mii
77%
Knochentrocken Leicht
76%
Link Schwer
75%
Shy Guy Leicht
72%
Diddy Kong Leicht-Mittel
71%
Toadette Leicht
70%
Baby Rosalina Leicht
67%
Knochen-Bowser Schwer
61%
Gold-Mario Schwer
57%
Metall-Mario Schwer
57%
Bewohner Mittel
56%
Ludwig von Koopa Mittel
54%
Birdo Mittel
53%
Lemmy Koopa Leicht
53%
Larry Koopa Leicht
52%
Lakitu Leicht
51%
Wiggler Schwer
51%
Funky Kong Schwer
50%
Rosagold-Peach Schwer
50%
Roy Koopa Schwer
50%
Iggy Koopa Mittel
49%
Morton Koopa Jr. Schwer
49%
Kamek Mittel
48%
König Buu-Huu Schwer
47%
Tanuki-Mario Mittel
47%
Inkling Junge Mittel
46%
Inkling Mädchen Mittel
46%
Wendy O. Koopa Leicht
46%
Katzen-Peach Mittel
43%
Melinda Leicht
43%
Pauline Schwer
43%
Bewohnerin Mittel
41%
Peachette Mittel
32%
Mutant Tyranha Schwer
25%
Keine übereinstimmenden Quizze gefunden
Verteilung der Resultate
Anzahl Personen mit jedem Resultat
Perzentil nach korrekt beantworteten Fragen
Ihre Resultats-Entwicklung
Sie haben dieses Quiz seit der letzten Aktualisierung nicht gespielt